Tương quan giữa xã và ấp
Gespeichert in:
| 1. Verfasser: | |
|---|---|
| Format: | Buch |
| Sprache: | Undetermined |
| Veröffentlicht: |
Sài Gòn
Học viện Quốc gia Hành chánh
1971
|
| Tags: |
Tag hinzufügen
Keine Tags, Fügen Sie den ersten Tag hinzu!
|
| Thư viện lưu trữ: | Trung tâm Học liệu Trường Đại học Cần Thơ |
|---|
| LEADER | 00491nam a2200169Ia 4500 | ||
|---|---|---|---|
| 001 | CTU_36039 | ||
| 008 | 210402s9999 xx 000 0 und d | ||
| 082 | |a 351 | ||
| 082 | |b K600 | ||
| 100 | |a Siu Ký | ||
| 245 | 0 | |a Tương quan giữa xã và ấp | |
| 245 | 0 | |c Siu Ký | |
| 260 | |a Sài Gòn | ||
| 260 | |b Học viện Quốc gia Hành chánh | ||
| 260 | |c 1971 | ||
| 904 | |i Nguyễn Quang Điền, 000406 | ||
| 980 | |a Trung tâm Học liệu Trường Đại học Cần Thơ | ||